LDR 01024naa#a2200181#i#450# 001 RU\FGKOU VO SPBU MVD ROSSII\bibl\123724 005 20260701065001.3 011 ## _a2071-8284 100 ## _a20260630b2026####ek#y0rusy0150####ca 101 0# _aRUS 102 ## _aRU 200 1# _aГенезис преступной мотивации у граждан стран Содружества Независимых Государств при подготовке и совершении преступлений экстремистской направленности _eЖурнальная статья 210 1# _aСанкт-Петербург _cСАНКТ-ПЕТЕРБУРГСКИЙ УНИВЕРСИТЕТ МИНИСТЕРСТВА ВНУТРЕННИХ ДЕЛ РОССИЙСКОЙ ФЕДЕРАЦИИ _d2026 215 ## _a8 с. 608 ## _aЖурнальная статья _2local 675 ## _aКриминология. Криминалистика. 343.9 _zRUS 700 #1 _aТрушина _gИрина Олеговна 856 4# _avestnikspbmvd.ru _u